|
|
|
|
| LEADER |
01404nam a2200361 a 4500 |
| 001 |
35748 |
| 003 |
BD-DhAAL |
| 005 |
20191118122642.0 |
| 008 |
191118t2000 ii a b 001 0 eng |
| 999 |
|
|
|c 41842
|d 41842
|
| 010 |
|
|
|a 2003318648
|
| 020 |
|
|
|a 8176491551
|
| 025 |
|
|
|a I-E-2003-318648; 95-01
|
| 035 |
|
|
|a (DLC) 2003318648
|
| 037 |
|
|
|b Library of Congress -- New Delhi Overseas Office
|c Rs795.00
|
| 040 |
|
|
|a DLC
|c DLC
|d BD-DhAAL
|
| 042 |
|
|
|a lcode
|
| 050 |
0 |
0 |
|a LC5800
|b .W68 2000
|
| 082 |
|
|
|a 374
|2 20
|
| 245 |
0 |
4 |
|a The World of open and distance learning /
|c edited by V. Venugopal Reddy and Manjulika, S.
|
| 260 |
|
|
|a New Delhi :
|b Viva Books,
|c 2000.
|
| 300 |
|
|
|a xxii, 494, [1] pages ;
|c 23 cm.
|
| 504 |
|
|
|a Includes bibliographical references and index.
|
| 520 |
|
|
|a Contributed case studies with reference to developing countries.
|
| 526 |
|
|
|a BIED
|
| 541 |
|
|
|a Complimentary copy from BIED
|e 35748
|
| 650 |
|
0 |
|a Distance education.
|9 37259
|
| 650 |
|
0 |
|a Open learning
|x Social science
|9 37260
|
| 700 |
1 |
|
|a Venugopal Reddy, V.
|9 37261
|
| 700 |
1 |
|
|a Manjulika, S.
|9 37262
|
| 852 |
|
|
|a Ayesha Abed Library
|c General Stacks
|
| 942 |
|
|
|2 ddc
|c BK
|
| 952 |
|
|
|0 0
|1 0
|2 ddc
|4 0
|6 374_000000000000000_WOR
|7 0
|9 67181
|a BRACUL
|b BRACUL
|c GEN
|d 2019-11-18
|e Complimentary copy from BIED
|l 1
|m 16
|o 374 WOR
|p 3010035748
|r 2023-05-31
|s 2023-01-23
|t 1
|w 2019-11-18
|y BK
|x Transferred from BIED to General Stacks
|